| 000 | 00609nam a2200193 a 4500 | ||
|---|---|---|---|
| 005 | 20240215063628.0 | ||
| 008 | 991125s1974 ag 000 0 spa u | ||
| 035 | _aUPN01000046484 | ||
| 049 | _aCG | ||
| 050 | 4 |
_aB1334 _bP7.38 1974 |
|
| 100 | 1 |
_aBerkeley, George, _d1685-1753 |
|
| 245 | 1 | 0 |
_aPrincipios del conocimiento humano / _cGeorge Berkeley ; tr. Pablo Masa ; pról. Luis Rodríguez Aranda. |
| 250 | _a4a ed. | ||
| 260 |
_aBuenos Aires : _bAguilar, _c1974. |
||
| 300 | _a184 p. | ||
| 440 | 0 |
_aBiblioteca de iniciación filosófica ; _v57 |
|
| 650 | 4 |
_aTeoría del conocimiento _91707 |
|
| 905 | _aLibro | ||
| 999 |
_c46484 _d46484 |
||